| 000 | 007770000a22002410004500 | ||
|---|---|---|---|
| 003 | LK-CoMWRAF | ||
| 005 | 20240130002727.0 | ||
| 008 | 230817t1996 ||||| |||| 00| 0 eng d | ||
| 040 |
_aLK-CoMWRAF _dLK-CoMWRAF _eLK-CoMWRAF |
||
| 041 | _aeng | ||
| 082 |
_a305.42 _bTOK |
||
| 100 | _aTokhtakhodjaeva, Marfua | ||
| 245 |
_aThe daughters of Amazons: _bvoices from Central Asia |
||
| 260 |
_aLahore: _bShirkat Gah Women's Resource Centre _c1996 |
||
| 300 | _aix, 240 p. : map ; 25 cm. | ||
| 650 | _aWOMEN-Asia,Central--Social conditions | ||
| 650 | _aMuslim women--Asia, Central--Social conditions. | ||
| 650 | _a Women intellectuals--Asia, Central. | ||
| 700 | _aTurgumbekova, Elmira | ||
| 700 |
_aAslam, Sufian _etrans. |
||
| 700 |
_aBalchin Cassandra _eed. |
||
| 942 | _cBK | ||
| 999 |
_c658 _d658 |
||